| 000 | 00635nam a2200229Ia 4500 | ||
|---|---|---|---|
| 003 | OSt | ||
| 005 | 20220925215156.0 | ||
| 006 | a|||||r|||| 00| 0 | ||
| 007 | ta | ||
| 008 | 220923b |||||||| |||| 00| 0 eng d | ||
| 037 | _cGeneral Book | ||
| 040 |
_aRTL _cRTL _beng |
||
| 041 |
_2eng _aeng |
||
| 082 | _aYxN08:g, L4 | ||
| 100 |
_aEkeh Peter P _9282317 |
||
| 245 | 0 |
_aSocial exchange theory _b The two traditions. |
|
| 260 |
_aLondon _bHeinemann _c1974 |
||
| 300 |
_axv,237p _ccm. |
||
| 500 | _aBibliography : P 219-229 | ||
| 942 |
_hYxN08:g, L4 _cGB _2CC |
||
| 999 |
_c568104 _d568104 |
||